Ridiculously Obvious Signs IV Quiz Stats

 Plays Quiz Updated Dec 22, 2017

Challenge
Share
Tweet
Score 0/20 Timer 05:00
8 Plays Today
% Correct
Cash
98.2%
Safety
97.8%
Tsunami
96.4%
Up
95.4%
Sit
95.3%
Exit
94.6%
Door
94.6%
Hot
94.5%
Orange
94.2%
Wearing
94.1%
% Correct
Windows
93.8%
Bananas
91%
Climb
90.4%
Order
89.2%
As
83.9%
Area
82.7%
Walk
82.3%
Nothing
78.4%
Prohibited
63.9%
Pole
59.5%

You're not logged in!

Compare scores with friends on all Sporcle quizzes.
OR
Log In

You Might Also Like...

Show Comments

Extras

Top Quizzes Today


Score Distribution

Your Account Isn't Verified!

In order to create a playlist on Sporcle, you need to verify the email address you used during registration. Go to your Sporcle Settings to finish the process.

Report this User

Report this user for behavior that violates our Community Guidelines.

Details: